<?xml version="1.0" encoding="UTF-8"?>
<record
    xmlns:xsi="http://www.w3.org/2001/XMLSchema-instance"
    xsi:schemaLocation="http://www.loc.gov/MARC21/slim http://www.loc.gov/standards/marcxml/schema/MARC21slim.xsd"
    xmlns="http://www.loc.gov/MARC21/slim">

  <leader>00345nam a2200133Ia 4500</leader>
  <controlfield tag="008">191201s2012    xx            000 0 und d</controlfield>
  <datafield tag="082" ind1=" " ind2=" ">
    <subfield code="a">620.1</subfield>
    <subfield code="b">GRA</subfield>
  </datafield>
  <datafield tag="100" ind1=" " ind2=" ">
    <subfield code="a">GROOVER,Mikell P</subfield>
  </datafield>
  <datafield tag="245" ind1=" " ind2="0">
    <subfield code="a">Automation, production. Systems, and Computer&#x2026;&#x2026;</subfield>
  </datafield>
  <datafield tag="260" ind1=" " ind2=" ">
    <subfield code="a">N. delhi</subfield>
    <subfield code="b">PHI</subfield>
    <subfield code="c">2012</subfield>
  </datafield>
  <datafield tag="300" ind1=" " ind2=" ">
    <subfield code="a">815</subfield>
  </datafield>
  <datafield tag="650" ind1=" " ind2=" ">
    <subfield code="a">M.Tech (ME)</subfield>
  </datafield>
  <datafield tag="942" ind1=" " ind2=" ">
    <subfield code="2">ddc</subfield>
    <subfield code="c">BK</subfield>
    <subfield code="0">7</subfield>
  </datafield>
  <datafield tag="999" ind1=" " ind2=" ">
    <subfield code="c">5076</subfield>
    <subfield code="d">5076</subfield>
  </datafield>
  <datafield tag="952" ind1=" " ind2=" ">
    <subfield code="0">0</subfield>
    <subfield code="1">0</subfield>
    <subfield code="2">ddc</subfield>
    <subfield code="4">0</subfield>
    <subfield code="7">0</subfield>
    <subfield code="8">BTECHME</subfield>
    <subfield code="a">PIET</subfield>
    <subfield code="b">PIET</subfield>
    <subfield code="d">2011-11-22</subfield>
    <subfield code="e">Valley Book House</subfield>
    <subfield code="g">525.00</subfield>
    <subfield code="k">252</subfield>
    <subfield code="l">3</subfield>
    <subfield code="o">004.6 GRA</subfield>
    <subfield code="p">18546</subfield>
    <subfield code="r">2023-01-10 00:00:00</subfield>
    <subfield code="s">2022-12-26</subfield>
    <subfield code="w">2011-11-09</subfield>
    <subfield code="y">BK</subfield>
  </datafield>
  <datafield tag="952" ind1=" " ind2=" ">
    <subfield code="0">0</subfield>
    <subfield code="1">0</subfield>
    <subfield code="2">ddc</subfield>
    <subfield code="4">0</subfield>
    <subfield code="7">0</subfield>
    <subfield code="8">BTECHME</subfield>
    <subfield code="a">PIET</subfield>
    <subfield code="b">PIET</subfield>
    <subfield code="d">2011-11-22</subfield>
    <subfield code="e">Valley Book House</subfield>
    <subfield code="g">525.00</subfield>
    <subfield code="k">252</subfield>
    <subfield code="l">0</subfield>
    <subfield code="o">004.6 GRA</subfield>
    <subfield code="p">18547</subfield>
    <subfield code="r">2019-12-04 00:00:00</subfield>
    <subfield code="w">2011-11-09</subfield>
    <subfield code="y">BK</subfield>
  </datafield>
  <datafield tag="952" ind1=" " ind2=" ">
    <subfield code="0">0</subfield>
    <subfield code="1">0</subfield>
    <subfield code="2">ddc</subfield>
    <subfield code="4">0</subfield>
    <subfield code="7">0</subfield>
    <subfield code="8">BTECHME</subfield>
    <subfield code="a">PIET</subfield>
    <subfield code="b">PIET</subfield>
    <subfield code="d">2011-11-22</subfield>
    <subfield code="e">Valley Book House</subfield>
    <subfield code="g">525.00</subfield>
    <subfield code="k">252</subfield>
    <subfield code="l">1</subfield>
    <subfield code="o">004.6 GRA</subfield>
    <subfield code="p">18548</subfield>
    <subfield code="r">2022-01-07 00:00:00</subfield>
    <subfield code="s">2021-12-27</subfield>
    <subfield code="w">2011-11-09</subfield>
    <subfield code="y">BK</subfield>
  </datafield>
  <datafield tag="952" ind1=" " ind2=" ">
    <subfield code="0">0</subfield>
    <subfield code="1">0</subfield>
    <subfield code="2">ddc</subfield>
    <subfield code="4">0</subfield>
    <subfield code="7">0</subfield>
    <subfield code="8">BTECHME</subfield>
    <subfield code="a">PIET</subfield>
    <subfield code="b">PIET</subfield>
    <subfield code="d">2011-11-22</subfield>
    <subfield code="e">Valley Book House</subfield>
    <subfield code="g">525.00</subfield>
    <subfield code="k">252</subfield>
    <subfield code="l">2</subfield>
    <subfield code="o">004.6 GRA</subfield>
    <subfield code="p">18549</subfield>
    <subfield code="r">2023-12-29 00:00:00</subfield>
    <subfield code="s">2023-12-19</subfield>
    <subfield code="w">2011-11-09</subfield>
    <subfield code="y">BK</subfield>
  </datafield>
  <datafield tag="952" ind1=" " ind2=" ">
    <subfield code="0">0</subfield>
    <subfield code="1">0</subfield>
    <subfield code="2">ddc</subfield>
    <subfield code="4">0</subfield>
    <subfield code="7">0</subfield>
    <subfield code="8">BTECHME</subfield>
    <subfield code="a">PIET</subfield>
    <subfield code="b">PIET</subfield>
    <subfield code="d">2011-11-22</subfield>
    <subfield code="e">Valley Book House</subfield>
    <subfield code="g">525.00</subfield>
    <subfield code="k">252</subfield>
    <subfield code="l">3</subfield>
    <subfield code="o">620.1 GRA</subfield>
    <subfield code="p">18550</subfield>
    <subfield code="r">2025-10-07 00:00:00</subfield>
    <subfield code="s">2024-01-19</subfield>
    <subfield code="w">2011-11-09</subfield>
    <subfield code="y">BK</subfield>
  </datafield>
</record>
